| 000 | 00799nam a2200229Ia 4500 | ||
|---|---|---|---|
| 008 | 191130s2010##################000#0#eng## | ||
| 020 | _a9780307463838 | ||
| 040 |
_aACL _cACL |
||
| 082 | _a746.92023 IVE | ||
| 100 | _aIverson, Annemarie | ||
| 245 |
_aIn fashion : from runway to retail, everything you need to know to break into the fashion industry _c Annemarie Iverson |
||
| 260 |
_aNew York _bClarkson Potter _c2010 |
||
| 300 | _ax, 324 p. : ill. ; 24 cm | ||
| 500 | _aIncludes index | ||
| 650 | _aClothing trade -- Vocational guidance | ||
| 650 | _aFashion -- Vocational guidance | ||
| 650 | _aFashion design -- Vocational guidance | ||
| 650 | _aFashion merchandising -- Vocational guidance | ||
| 990 | _afb72d81aac10000c0c0b5797355171e9 | ||
| 991 | _a425581 | ||
| 999 |
_c212606 _d212606 |
||